00501nam a2200169Ia 450000500170000000800410001702000180005804100120007608200160008810000290010424500890013325000120022226000360023430000160027065000220028665000230030820260429112203.0260429s9999||||xx |||||||||||||| ||und|| a9789355273512 aEnglish a181.45bKEI aKeith, Arthur Berriedale 0aHistory of the Samkhya philosophy : bthe Samkhya system / cArthur Berriedale Keith a1st ed. aChennai : bMaven Books,c2023. a109 p.; pbk a Hindu philosophy aSamkhya philosophy